|
|
|
|
| LEADER |
01112nam a2200229 a 4500 |
| 001 |
GR-Patra26543 |
| 003 |
GR-PaULI |
| 005 |
20230508100053.0 |
| 008 |
080724s1986 gr g b 001 0 eng d |
| 952 |
|
|
|0 0
|1 0
|2 ddc
|4 0
|6 Π_006_400000000000000_HAN
|7 0
|9 124892
|a LISP
|b LISP
|c REF
|d 2016-04-24
|l 0
|o Π 006.4 HAN
|p 025000282553
|r 2016-04-24 00:00:00
|t 1
|v 2016.00
|w 2016-04-24
|y BKN
|x Μεταφορά από Τμ. Μηχανικών ΗΥ & Πληροφορικής
|
| 999 |
|
|
|c 177957
|d 177957
|
| 020 |
|
|
|a 0127745602
|
| 040 |
|
|
|a GrPaTEI
|b gre
|c GR-PaULI
|e AACR2
|
| 082 |
0 |
4 |
|a 006.4
|2 23
|
| 245 |
0 |
0 |
|a Handbook of pattern recognition and image processing /
|c edited by Tzay Y. Young ; King-Sun Fu.
|
| 260 |
|
|
|a Oorlando :
|b Academic Press,
|c c1986.
|
| 300 |
|
|
|a xx, 705 σ. :
|b εικ. ;
|c 24 εκ.
|
| 504 |
|
|
|a Περιλαμβάνει βιβλιογραφίες και ευρετήριο.
|
| 650 |
|
4 |
|a Συστήματα αναγνώρισης προτύπων
|9 64632
|
| 700 |
1 |
|
|a Young, Tzay Y.,
|d 1933-
|9 197792
|e επιμελητής.
|
| 700 |
1 |
|
|a Fu, K. S.
|q (King Sun),
|d 1930-1985
|9 176289
|e επιμελητής.
|
| 942 |
|
|
|2 ddc
|c BK
|